000
00243nam a2200097Ia 4500
008
230907s9999||||xx |||||||||||||| ||und||
082
_a
333.794
_b
ALT
245
0
_a
Alternative energy sources and technologies :
300
_a
512 p.
942
_c
BK
999
_c
600486
_d
600486